000 00366 a2200145 4500
001 63224
040 _cAnchieta - Pituba
100 _aMustafa, Allysson Queiroz
240 1 0 _a1ª Avaliação de História, III Unidade
_lpor
245 1 0 _a1ª Avaliação de História, III Unidade
300 _a6
362 0 _a2017
650 4 _aGeografia e História
942 _cBK
999 _c63224
_d63224